Entrevista de trabajo: 11 reglas comprobadas para ganar el puesto
Guardat en:
| Autor principal: | |
|---|---|
| Format: | Llibre |
| Idioma: | espanyol |
| Publicat: |
Ciudad de México
Prentice Hall
2000
|
| Edició: | 1a. ed |
| Col·lecció: | Serie Soluciones Concretas
|
| Matèries: | |
| Etiquetes: |
Afegir etiqueta
Sense etiquetes, Sigues el primer a etiquetar aquest registre!
|
MARC
| LEADER | 00000nam a2200000 a 4500 | ||
|---|---|---|---|
| 001 | UCK6444 | ||
| 003 | CL-VaPUC | ||
| 008 | 050930e20000000mx |||||||||||||||||spa|d | ||
| 020 | |a 9701703839 | ||
| 082 | 0 | 4 | |a 650.14 |b GAR |2 21 |
| 100 | 0 | |a García Regalado, María Elena |e author |9 495760 | |
| 245 | 1 | 0 | |a Entrevista de trabajo: 11 reglas comprobadas para ganar el puesto |
| 250 | |a 1a. ed | ||
| 300 | |a 84 p | ||
| 942 | |c BK | ||
| 945 | |d 20050930 00:00:00 |a jcarroza | ||
| 260 | |a Ciudad de México |b Prentice Hall |c 2000 | ||
| 650 | 0 | |a Trabajo |9 313876 | |
| 650 | 0 | |a Empleo |9 339124 | |
| 650 | 0 | |a Selección de personal |9 307100 | |
| 650 | 7 | |a PUESTOS DE TRABAJO |2 CL-VaPUC |9 374831 | |
| 650 | 0 | |a Entrevistas |9 265537 | |
| 583 | |a last modification |c 20171205 12:37:38 |k Rodrigo Vera | ||
| 490 | 0 | |a Serie Soluciones Concretas | |
| 999 | |c 314731 |d 314729 | ||
| 952 | |0 0 |1 0 |4 0 |6 650_140000000000000_GAR_2000 |7 0 |8 A |9 387440 |a BIBEDU |b BIBEDU |d 2019-11-22 |i 4677382 |o 650.14 GAR 2000 |p 4677382 |r 2019-11-22 |w 2019-11-22 |y BK |k EPE | ||